00000000nam##2200000za#4500
0019.573468
003CaOODSP
00520210929082754
007cr |||||||||||
008150406|1993||||xxc|||||o    f|0| 0 eng|d
040 |aCaOODSP|beng
043 |an-cn---
0861 |aFo29-6/13-1993E-PDF
1101 |aCanada. |bNatural Resources Canada. |bCanadian Forest Service.
24510|aSpruce beetle / |h[electronic resource]|c[by] N. Humphreys and L. Safranyik. Issued by the Pacific Forestry Centre.
250 |arevised May 1993
260 |aVictoria - British Columbia : |bNatural Resources Canada. |cJuly 2000.
300 |a8p.|billus., references, photographs
4901 |aForest pest leaflet|v13
500 |aThe catalogue number (Fo29-6/13-1993E) and ISBN (0-662-20761-0) for the print edition have been incorrectly copied in this electronic publication.
590 |a12-17-Supp|b2012-04-20
7201 |aSafranyik, L.
7201 |aHumphreys, N.
7760#|tSpruce beetle / |w(CaOODSP)9.608864
830#0|aForest pest leaflet ;|v13|w(CaOODSP)9.506908
85640|ahttp://publications.gc.ca|qPDF|s567 KB|uhttps://publications.gc.ca/collections/collection_2012/rncan-nrcan/Fo29-6-13-1993-eng.pdf|y13